| 000 | 00593nam a2200217Ia 4500 | ||
|---|---|---|---|
| 005 | 20230304094414.0 | ||
| 008 | 131103s9999 xx 000 0 und d | ||
| 020 | _cRs.16.50 | ||
| 040 | _aLoreto College | ||
| 041 | _aEnglish | ||
| 082 |
_a822.33 _bSHA-BOA |
||
| 100 | _aBoas, Fredrick S. | ||
| 245 |
_aShakspere and his predecessors _cFredrick S.Boas |
||
| 260 |
_aCalcutta _bRupa & Co. _c1963 |
||
| 300 | _axix,472 p. | ||
| 504 | _aIncluding appendix and index | ||
| 650 | _aEnglish Drama | ||
| 651 | _aShakespeare,William - History and Criticism | ||
| 850 | _aLCLIB | ||
| 942 | _cBK | ||
| 999 |
_c4846 _d55325 |
||